header

Sin (Record no. 88399)

MARC details
000 -LEADER
fixed length control field 01212nam a2200313Ia 4500
082 04 - DEWEY DECIMAL CLASSIFICATION NUMBER
Classification number 241/.309015
100 1# - MAIN ENTRY--AUTHOR NAME
Personal name Fredriksen, Paula.
245 10 - TITLE STATEMENT
Title Sin
260 ## - PUBLICATION, DISTRIBUTION, ETC. (IMPRINT)
Place of publication Princeton, NJ :
Name of publisher Princeton University Press,
Year of publication 2012.
300 ## - PHYSICAL DESCRIPTION
Number of Pages vii, 209 p.
650 #0 - SUBJECT ADDED ENTRY--TOPICAL TERM
Topical Term Sin
Topical Term Theology
856 40 - ELECTRONIC LOCATION AND ACCESS
Uniform Resource Identifier http://site.ebrary.com/lib/rucke/Doc?id=10558446

No items available.

© 2026 Rongo University
Contact us: librarian | system librarian | Rongo university